| 000 | 01161cab a2200265 4500 | ||
|---|---|---|---|
| 001 | WB3112-46 | ||
| 008 | 090401t1995 xxu||||| |||| 00| 0 eng d | ||
| 035 | _a(Sirsi) u35947 | ||
| 041 | _aeng | ||
| 245 | _aDiversion order | ||
| 260 | _c1995 | ||
| 350 | _a0 | ||
| 490 |
_aEstates Gazette Case Summaries _v(1995) EGCS 43 (18/3/95) |
||
| 520 | _a"Calder v SoS Environment and others" QBD 9 March 1995. An application for diversion of a bridleway crossing proposed dwelling plots. Planning permission was quashed by HC. SoS Environment refused Tarmac`s request to divert the bridleway under Town and Country Planning Act 1990 s247. T`s application to continue work on the 3 plots was refused. T appealed to SoS who proposed to make a diversion order. Application to quash the order dismissed. | ||
| 650 | _aBRIDLEWAYS | ||
| 650 | _aCALDER V SOS ENVIRONMENT AND OTHERS | ||
| 650 | _aDIVERSION ORDERS | ||
| 650 | _aDOE CIRCULAR 02/1993 | ||
| 650 | _aPLANNING PERMISSION | ||
| 650 | _aPUBLIC RIGHTS OF WAY | ||
| 650 | _aTOWN AND COUNTRY PLANNING ACT 1990 S247 | ||
| 690 | _aPLANNING LAW AND PRACTICE-CASE LAW | ||
| 942 | _n0 | ||
| 948 | _c04/03/1997 | ||
| 999 |
_c23487 _d23487 |
||